00772nam a2200217 a 450000100100000000500170001000800410002704000250006808200250009310000450011824500820016325000110024526000410025630000220029749000160031965000260033565000300036183000230039195201230041499900170053700004020920201002034002.0101116s1967 mx r 000 0 spa d aDO-SdBNPbspacBNPHU a863.44bY12ó, 19671 aYáñez, Agustín,d1904-1980.92443610aOjerosa y pintada :bla vida en la ciudad de México /cAgustín Yáñez. a2a ed. aMéxico :bJoaquín Mortiz,c1967. a208, p. ;c18 cm.1 aDel volador 4aNovela mexicana93959 4aLiteratura mexicana91922 0aDel volador939061 001050718MOaGRbGRcCTd2013-08-15iLF1l0o863.44 Y12ó, 1967p40209-10r2020-06-25w2020-06-25y1ZNo se presta c39699d39699